PHARMACEUTICS- I (Record no. 6013)

MARC details
000 -LEADER
fixed length control field 00366nam a22001457a 4500
005 - DATE AND TIME OF LATEST TRANSACTION
control field 20240110130035.0
008 - FIXED-LENGTH DATA ELEMENTS--GENERAL INFORMATION
fixed length control field 190918b xxu||||| |||| 00| 0 eng d
020 ## - INTERNATIONAL STANDARD BOOK NUMBER
ISBN 81-256-0093-0
041 ## - LANGUAGE CODE
Language code of text/sound track or separate title eng
100 ## - MAIN ENTRY--AUTHOR NAME
Personal name AGARWAL,DR. S.P. AND KHANNA, RAJESH
245 ## - TITLE STATEMENT
Title PHARMACEUTICS- I
260 ## - PUBLICATION, DISTRIBUTION, ETC. (IMPRINT)
Place of publication DELHI
Name of publisher BIRLA PUBLICATION PVT.LTD
300 ## - PHYSICAL DESCRIPTION
Number of Pages 279p,
942 ## - ADDED ENTRY ELEMENTS (KOHA)
Koha item type Books
Holdings
Lost status Damaged status Collection code Home library Current library Shelving location Date acquired Source of acquisition Cost, normal purchase price Full call number Accession Number Koha item type
    PHARMACY JRU Library JRU Library Shelf - 23- B 18/09/2019 PURCHESS 250.00 615.1 23583 Books
    PHARMACY JRU Library JRU Library SHELF - 18 - H 18/09/2019 PURCHESS 250.00 615.1 23584 Books
    PHARMACY JRU Library JRU Library Shelf - 23- B 18/09/2019 PURCHESS 250.00 615.1 23585 Books
    PHARMACY JRU Library JRU Library Shelf - 23- B 18/09/2019 PURCHESS 250.00 615.1 23586 Books